Hallelujah Lyrics ~ Panic! At The Disco - Statistics

General Stats
  • This quiz has been taken 892 times
  • The average score is 31 of 49
Answer Stats
Line Answer % Correct
All you ____ stand up sing Hallelujah sinners
98%
And a ____ you'll never forget night
94%
A ____ you'll never remember moment
83%
Stand up, sing _____ Hallelujah
82%
Say your _____ prayers
77%
Say your _____ prayers
77%
Say your _____ prayers
77%
My life ____ the day I got caught started
75%
Let it ____ right through you move
72%
Who was I _____ to be? trying
72%
Then the time for being ___ is over sad
71%
All you ____ stand up sing Hallelujah sinners
71%
____ __ ____ with secondhand lovers under the covers
71%
And being ____ is better than being over it blue
69%
Stand up, sing _____ Hallelujah
67%
Say your _____ prayers
67%
Say your _____ prayers
67%
Say your _____ prayers
67%
I was drunk and it didn't ___ a thing mean
66%
I love the things you ____ about yourself hate
65%
Let it ____ right through you move
64%
Stop ____ about thinking
64%
And being ____ is better than being over it blue
62%
Then the time for being ___ is over sad
62%
And if you can't stop ____ lean back shaking
62%
In the ____ _ _____ state of emergency
62%
Oh, ____ ___ in pretty young things tied up
62%
Who were ___ trying to be? you
62%
The ____ from my mouth bullets
59%
All you ____ stand up sing Hallelujah sinners
58%
You'll never know if you don't ever ___ again try
57%
Stand up, sing _____ Hallelujah
56%
So let's ___ try
56%
Let's ___ try
56%
Let's ___ try
56%
No one wants you when you have no ____ and heart
55%
Say your _____ prayers
55%
Say your _____ prayers
55%
And you miss ___ like you miss no other him
54%
Say your _____ prayers
54%
And if you can't stop ____ lean back shaking
54%
Let it ____ right through you move
53%
And you miss ___ like you miss no other him
51%
Show praise with your _____ bodies
50%
And if you can't stop ____ lean back shaking
46%
Show praise with your _____ bodies
43%
I'm sitting pretty in my brand new _____ and scars
38%
Show praise with your _____ bodies
37%
Just ____ a daydream finished
31%
No matching quizzes found
Score Distribution
Percent of People with Each Score
Percentile by Number Answered
Your Score History
You have not taken this quiz